02436cam a2200349 i 45000010009000000050017000090080041000260100017000670200030000840200026001140200025001400400028001650420008001930500026002010820027002271000026002542450124002802640058004043000031004623360026004933370028005193380027005475040041005745050285006155200876009006500032017766500038018086500040018466500026018866530023019127760151019352095886420251027105643.0190502s2020 nyu b 000 0 eng  a 2019020367 a9780367225087q(hardback) a9780367225094q(pbk.) z9780429275241q(ebk) aDLCbengcDLCerdadDLC apcc00aLB1027.43b.L383 202000aGrad 371.26bL377 20201 aLaur, Dayna,eauthor.10aAuthentic project-based learning in grades 4-8 :bstandards-based strategies and scaffolding for success /cDayna Laur. 1aNew York :bRoutledge,Taylor & Francis Group,cc2020. a152 pages :cillustrations atextbtxt2rdacontent aunmediatedbn2rdamedia avolumebnc2rdacarrier aIncludes bibliographical references.0 aAuthentic concept creation -- Align content standards to the real world -- Support digital transformation -- Generate authentic reading and writing -- Formative assessments for success -- Levels of complexity -- Essential skills for tomorrow -- Commonly asked questions about PBL. a"Authentic Project-Based Learning in Grades 4-8 provides step-by-step instructions to help educators embed project-based learning (PBL) into your daily classroom routine. The author lays out five clear, standards-based stages you can use to process the what, how, and why of authentic project-based experiences and create PBL challenges in any subject area for your learners. You'll learn how to create projects that: - Align with your content standards - Integrate technology effectively - Support reading and writing development - Utilize formative assessment - Manage and engage with complex projects - Facilitate the development of essential skill beyond school Each chapter includes a variety of practical examples and tools you can use immediately. The tools are also provided on our website as free eResources for ease of implementation" --cProvided by publisher. 0aProject method in teaching. 0aEducation, ElementaryxCurricula. 0aMiddle school educationxCurricula. 0aAcademic achievement. aAuthentic learning08iOnline version:aLaur, Dayna, author.tAuthentic project-based learning in grades 4-8dNew York : Routledge, 2020z9780429275241w(DLC) 2019022375